01671nam a2200277 a 4500001001000000005001700010008004100027041000800068044000700076084002200083245010500105260002200210300002600232500004600258500042700304500006200731500004300793500004700836500011300883506009200996546005201088600004301140651005501183651005901238700009601297BRCA_495520190320204857.0221010m18021803sp-######v---#000-0#spa-# aspa asp aDOC53b.D63c180210aDocumento firmado por el [Rey Carlos IV] e IturrigaraycCarlos IV, José Iturrigaray y Aróstegui. aMadridc1802-1803 a[5] fojasc30 x 21 cm aDocumento firmado el 18 de agosto de 1802 aAl Obispo de la Catedral de Guadalajara o al Dean y Cabildo en sede vacante de ella, encargándola procure conformarse y ayudar al Virrey Don José Iturrigaray en las cosas que se ofrecieron y que fuere conveniente su autoridad para el buen efecto. Anexo comunicación firmada el 15 de enero de 1803 dirigida al Obispo de Guadalajara en la que comunica estar enterado del nombramiento que el Rey ha expedido a su favor. aEl documento tiene el sello Real de España en la foja 3 aEl documento tiene la leyenda DOC. #63 a[Real cédula] firmada como ´Yo el Rey´ aEstado de conservación: Contiene manchas de acidificación, humedad, roturas y dobleces en los márgenes0 aFondo reservado: para su consulta es necesario credencial de usuario y carta de motivos aTexto en: español de principios del siglo XIX14aCarlosbIVcRey de Españad1748-1819 4aMéxicovManuscritoxHistoriayColonia, 1521-1821 4aEspañavManuscritoxHistoriayCasa de Borbón, 17001 aIturrigaray y Aróstegui, José Joaquín Vicente decVirrey de Nueva Españad1748-1819